[Event "DEM U12/U12w 2003"]
[Site "Willingen GER"]
[Date "2003.06.11"]
[Round "6"]
[White "Gröger, Eric"]
[Black "Müller, Anna-Louise"]
[Result "1-0"]
[Termination "normal"]
[Board "39"]
[WhiteElo "1265"]
[BlackElo "821"]
[PlyCount "67"]
[BlackFideId "4633512"]
[EventCountry "GER"]
[EventRounds "11"]
[EventType "swiss"]
[EventDate "2003.06.07"]

1. e4 c5 2. Nf3 d6 3. d4 cxd4 4. Nxd4 Nf6 5. Nc3 g6 6. f4 e5 7. Nf3 Bg4 8. h3
Bxf3 9. Qxf3 Bg7 10. Be2 O-O 11. Be3 Nc6 12. O-O Nd4 13. Bxd4 exd4 14. Nb5 Qb6
15. Qd3 Nxe4 16. Qxe4 d3+ 17. Kh1 dxe2 18. Qxe2 a6 19. Na3 Rfe8 20. Qd3 Re3 21.
Nc4 Rxd3 22. Nxb6 Rd2 23. Nxa8 Rxc2 24. Rab1 Bxb2 25. Rfd1 Ba3 26. Nb6 Bc5 27.
Nd7 Kg7 28. Nxc5 dxc5 29. Rxb7 Rxa2 30. Rdd7 Ra1+ 31. Kh2 Kg8 32. Rxf7 c4 33.
Rfc7 Ra4 34. Rb8# 1-0

[Event "DEM U12/U12w 2003"]
[Site "Willingen GER"]
[Date "2003.06.11"]
[Round "6"]
[White "Billing, Tanja"]
[Black "Mischke, Daniel"]
[Result "1/2-1/2"]
[Termination "normal"]
[Board "40"]
[WhiteElo "1226"]
[BlackElo "1238"]
[PlyCount "32"]
[WhiteFideId "24647993"]
[EventCountry "GER"]
[EventRounds "11"]
[EventType "swiss"]
[EventDate "2003.06.07"]

1. c4 Nf6 2. Nc3 e5 3. g3 Bc5 4. Bg2 d6 5. e3 Nc6 6. Nge2 O-O 7. O-O Rb8 8. b3
Bf5 9. d4 exd4 10. exd4 Bb6 11. a3 Bg4 12. Nd5 Nxd5 13. Bxd5 Nxd4 14. f3 Nxe2+
15. Kg2 Nxc1 16. fxg4 Be3 1/2-1/2

[Event "DEM U12/U12w 2003"]
[Site "Willingen GER"]
[Date "2003.06.11"]
[Round "6"]
[White "Prosch, Julia"]
[Black "Demmler, Julia"]
[Result "1/2-1/2"]
[Termination "normal"]
[Board "41"]
[WhiteElo "1003"]
[BlackElo "1385"]
[PlyCount "35"]
[EventCountry "GER"]
[EventRounds "11"]
[EventType "swiss"]
[EventDate "2003.06.07"]

1. e4 e5 2. Nf3 Nc6 3. d4 exd4 4. Nxd4 Bc5 5. Be3 Qf6 6. c3 Nge7 7. Nxc6 Qxc6
8. Qf3 d5 9. exd5 Nxd5 10. Bc4 Be6 11. Bxc5 Qxc5 12. Nd2 O-O 13. O-O c6 14.
Rad1 Rad8 15. Rfe1 Nb6 16. Bd3 Bxa2 17. Qe4 g6 18. Ra1 1/2-1/2

[Event "DEM U12/U12w 2003"]
[Site "Willingen GER"]
[Date "2003.06.11"]
[Round "6"]
[White "Hort, Maria"]
[Black "Perlick, Maria"]
[Result "0-1"]
[Termination "normal"]
[Board "42"]
[WhiteElo "966"]
[BlackElo "1397"]
[PlyCount "74"]
[EventCountry "GER"]
[EventRounds "11"]
[EventType "swiss"]
[EventDate "2003.06.07"]

1. e4 e6 2. Nf3 d5 3. exd5 exd5 4. Be2 Nf6 5. d4 Bf5 6. O-O Bd6 7. Bg5 Nbd7 8.
Re1 O-O 9. Nc3 c6 10. a3 Qc7 11. Na4 Ne4 12. Bd2 Rfe8 13. Bd3 Ndf6 14. g3 Bg4
15. Be2 Qd7 16. Nc3 Qf5 17. Rf1 Bxf3 18. Bxf3 Nxd2 19. Qxd2 Qxf3 20. Qg5 Re6
21. Rad1 Ne4 22. Nxe4 Qxe4 23. Rd3 Rg6 24. Qd2 h5 25. Re1 Qh4 26. Rde3 Bf4 27.
Re8+ Rxe8 28. Rxe8+ Kh7 29. Qd3 Qh3 30. Re7 h4 31. Rxf7 hxg3 32. fxg3 Bd6 33.
Rxb7 Kh6 34. Qe3+ Kh7 35. Qe8 Bxg3 36. hxg3 Rxg3+ 37. Kf2 Qh2+ 0-1

[Event "DEM U12/U12w 2003"]
[Site "Willingen GER"]
[Date "2003.06.11"]
[Round "6"]
[White "Häcker, Katrin"]
[Black "Penne, Bo"]
[Result "0-1"]
[Termination "normal"]
[Board "44"]
[WhiteElo "1253"]
[BlackElo "1226"]
[PlyCount "172"]
[WhiteFideId "24667986"]
[BlackFideId "24642193"]
[EventCountry "GER"]
[EventRounds "11"]
[EventType "swiss"]
[EventDate "2003.06.07"]

1. e4 c6 2. d4 d5 3. Nc3 dxe4 4. Nxe4 Bf5 5. Ng3 Bg6 6. Nf3 Nd7 7. Bd3 Bxd3 8.
Qxd3 Ngf6 9. Bf4 Qa5+ 10. c3 e6 11. O-O Be7 12. Rfe1 O-O 13. Ng5 Rac8 14. Nh5
g6 15. Nxf6+ Bxf6 16. Qg3 Bg7 17. Qh3 Rfe8 18. Qxh7+ Kf8 19. Bd6+ Re7 20. Nxe6+
fxe6 21. Bxe7+ Kxe7 22. Qxg7+ Kd6 23. Qxg6 Qd5 24. Re5 Nxe5 25. dxe5+ Qxe5 26.
Rd1+ Kc7 27. Qf7+ Kb8 28. h3 Qe2 29. Rd7 Qxb2 30. g4 Qb1+ 31. Kg2 Qe4+ 32. Kg3
Qb1 33. g5 Qg1+ 34. Kh4 Rh8+ 35. Qh5 Qxf2+ 36. Kg4 Rxh5 37. Kxh5 Qf8 38. g6
Qf5+ 39. Kh6 Qxh3+ 40. Kg7 e5 41. Re7 Qxc3 42. Kf8 Qf3+ 43. Rf7 Qd3 44. Rf6
Qd8+ 45. Kg7 Qd5 46. Kh6 Qh1+ 47. Kg5 Qh8 48. Rf7 Qd8+ 49. Kf5 e4 50. Ke6 Qe8+
51. Kf6 e3 52. Re7 Qd8 53. Kf7 Qd5+ 54. Kf8 e2 55. g7 Qd8+ 56. Kf7 Qxe7+ 57.
Kxe7 e1=Q+ 58. Kf7 Qf2+ 59. Kg8 Kc8 60. Kh7 Qh4+ 61. Kg8 Kd8 62. Kf8 Qf6+ 63.
Kg8 Ke8 64. Kh8 Qxg7+ 65. Kxg7 Ke7 66. Kg6 Kd6 67. Kf5 Kd5 68. Kf4 Kd4 69. Kf3
Kd3 70. Kf2 b5 71. Ke1 Kc2 72. Ke2 c5 73. Ke3 b4 74. Ke2 c4 75. Ke3 c3 76. Kd4
Kb2 77. Kd3 c2 78. Kc4 c1=Q+ 79. Kxb4 Qc3+ 80. Kb5 Ka3 81. Ka6 Qb2 82. Kxa7 Ka4
83. Ka8 Ka5 84. Ka7 Qb6+ 85. Ka8 Ka6 86. a4 Qb7# 0-1

[Event "DEM U12/U12w 2003"]
[Site "Willingen GER"]
[Date "2003.06.11"]
[Round "6"]
[White "Wisheckel, Lena"]
[Black "Eckoldt, Katja"]
[Result "1/2-1/2"]
[Termination "normal"]
[Board "45"]
[WhiteElo "1242"]
[BlackElo "979"]
[PlyCount "36"]
[WhiteFideId "24691992"]
[EventCountry "GER"]
[EventRounds "11"]
[EventType "swiss"]
[EventDate "2003.06.07"]

1. e4 c5 2. Nf3 d6 3. d4 cxd4 4. Nxd4 Nf6 5. Nc3 e5 6. Nf3 a6 7. Bg5 Be7 8. h3
O-O 9. Bc4 b5 10. Bb3 Bb7 11. Bxf6 Bxf6 12. O-O Qe7 13. Re1 Rd8 14. Rb1 Ra7 15.
Bd5 Bc8 16. a3 Bg5 17. Nxg5 Qxg5 18. Qf3 Qe7 1/2-1/2

[Event "DEM U12/U12w 2003"]
[Site "Willingen GER"]
[Date "2003.06.11"]
[Round "7"]
[White "Bigalke, Tobias"]
[Black "Müller, Reinhold"]
[Result "0-1"]
[Termination "normal"]
[Board "1"]
[WhiteElo "1767"]
[BlackElo "2003"]
[PlyCount "122"]
[WhiteFideId "4698282"]
[BlackFideId "24605875"]
[EventCountry "GER"]
[EventRounds "11"]
[EventType "swiss"]
[EventDate "2003.06.07"]

1. e4 c5 2. Nf3 d6 3. d4 cxd4 4. Nxd4 Nf6 5. Bd3 g6 6. f3 Bg7 7. Be3 Nc6 8. Nc3
O-O 9. Qd2 d5 10. exd5 Nxd5 11. Nxd5 Qxd5 12. Be4 Qe5 13. Nxc6 bxc6 14. O-O Bf5
15. Bxf5 Qxf5 16. c3 Rfd8 17. Qf2 a5 18. Rad1 a4 19. Bc5 Bf6 20. Rfe1 e6 21. f4
Rd5 22. Bd4 Rad8 23. h3 Bxd4 24. Rxd4 Rxd4 25. cxd4 Qd5 26. Rc1 Qxd4 27. Qxd4
Rxd4 28. Rxc6 Rxf4 29. Kh2 a3 30. bxa3 Ra4 31. Rc3 Kg7 32. Kg3 f5 33. Kf3 Kf6
34. g3 g5 35. Rb3 h5 36. Rc3 g4+ 37. hxg4 hxg4+ 38. Ke3 Kg5 39. Rb3 e5 40. Rc3
f4+ 41. gxf4+ exf4+ 42. Kf2 Kh4 43. Rb3 f3 44. Rb8 Kg5 45. Rg8+ Kf4 46. Rf8+
Ke4 47. Re8+ Kd3 48. Re3+ Kc2 49. Re8 Kb2 50. Re3 Rd4 51. Ke1 Kxa2 52. Rc3 Kb2
53. Re3 Kc2 54. Kf2 Rd2+ 55. Ke1 Rd3 56. Re8 g3 57. Rc8+ Rc3 58. Re8 Kb2 59.
Rb8+ Ka2 60. Rf8 Rc1+ 61. Kd2 g2 0-1

[Event "DEM U12/U12w 2003"]
[Site "Willingen GER"]
[Date "2003.06.11"]
[Round "7"]
[White "Moshtael, Wesal"]
[Black "Savchenko, Aleksij"]
[Result "0-1"]
[Termination "normal"]
[Board "2"]
[WhiteElo "1578"]
[BlackElo "1774"]
[PlyCount "60"]
[WhiteFideId "24618551"]
[BlackFideId "24611727"]
[EventCountry "GER"]
[EventRounds "11"]
[EventType "swiss"]
[EventDate "2003.06.07"]

1. Nf3 c5 2. g3 Nf6 3. Bg2 d5 4. O-O Nc6 5. d4 e6 6. dxc5 Bxc5 7. c4 O-O 8. Bd2
Qd6 9. Qc2 d4 10. a3 a5 11. Ng5 h6 12. Ne4 Nxe4 13. Bxe4 f5 14. Bg2 e5 15. Bc1
a4 16. Nd2 Na5 17. Rb1 Nb3 18. Bd5+ Kh8 19. Nf3 e4 20. Ne5 Qf6 21. Nf7+ Rxf7
22. Bxf7 Qxf7 23. Bd2 Be6 24. Rfc1 Nxc1 25. Rxc1 Qd7 26. Bb4 Rc8 27. b3 Bxb4
28. axb4 axb3 29. Qxb3 b5 30. Qd1 d3 0-1

[Event "DEM U12/U12w 2003"]
[Site "Willingen GER"]
[Date "2003.06.11"]
[Round "7"]
[White "Fischer, Thomas"]
[Black "Kim, Oi-sin"]
[Result "1-0"]
[Termination "normal"]
[Board "4"]
[WhiteElo "1671"]
[BlackElo "1588"]
[PlyCount "63"]
[WhiteFideId "4683277"]
[BlackFideId "24605778"]
[EventCountry "GER"]
[EventRounds "11"]
[EventType "swiss"]
[EventDate "2003.06.07"]

1. Nf3 Nf6 2. g3 d5 3. c4 e6 4. Bg2 Be7 5. O-O c5 6. d3 b6 7. Bf4 Nbd7 8. Nc3
Bb7 9. cxd5 Nxd5 10. Nxd5 exd5 11. a4 O-O 12. Qb3 Nf6 13. a5 d4 14. axb6 Qxb6
15. Qc2 Nd5 16. Bd2 Rfe8 17. Ne5 Bf6 18. Nd7 Qd6 19. Nxc5 Bc8 20. Ne4 Qe6 21.
Nxf6+ gxf6 22. Qc5 Bb7 23. Rxa7 Rxa7 24. Qxa7 Bc6 25. Re1 Qe5 26. b4 Bb5 27.
Qc5 Nc3 28. Bf3 Qxc5 29. bxc5 Rc8 30. Bxc3 dxc3 31. d4 Ba4 32. Rc1 1-0

[Event "DEM U12/U12w 2003"]
[Site "Willingen GER"]
[Date "2003.06.11"]
[Round "7"]
[White "Seyb, Alexander"]
[Black "Scharnowski, Tobias"]
[Result "1/2-1/2"]
[Termination "normal"]
[Board "5"]
[WhiteElo "1807"]
[BlackElo "1658"]
[PlyCount "51"]
[WhiteFideId "4699033"]
[BlackFideId "24620424"]
[EventCountry "GER"]
[EventRounds "11"]
[EventType "swiss"]
[EventDate "2003.06.07"]

1. e4 c5 2. Nf3 e6 3. d4 cxd4 4. Nxd4 Nf6 5. Nc3 d6 6. Be3 Be7 7. f3 O-O 8. Bc4
Nc6 9. Qd2 Bd7 10. O-O-O a6 11. g4 Ne5 12. Bb3 Rc8 13. h4 Nc4 14. Bxc4 Rxc4 15.
h5 Qa5 16. g5 Ne8 17. Rdg1 b5 18. g6 hxg6 19. hxg6 fxg6 20. Qh2 Kf7 21. Qh7 Bf6
22. Qxg6+ Ke7 23. Nb3 Qc7 24. Bg5 Kd8 25. e5 dxe5 26. Rd1 1/2-1/2

[Event "DEM U12/U12w 2003"]
[Site "Willingen GER"]
[Date "2003.06.11"]
[Round "7"]
[White "Jorczik, Julian"]
[Black "Zehnter, Sebastian"]
[Result "0-1"]
[Termination "normal"]
[Board "6"]
[WhiteElo "1682"]
[BlackElo "1750"]
[PlyCount "94"]
[WhiteFideId "24611719"]
[BlackFideId "24608670"]
[EventCountry "GER"]
[EventRounds "11"]
[EventType "swiss"]
[EventDate "2003.06.07"]

1. d4 Nf6 2. c4 e6 3. Nc3 d5 4. Bg5 Be7 5. Nf3 c6 6. e3 O-O 7. Bd3 a6 8. O-O
dxc4 9. Bxc4 b5 10. Bd3 Bb7 11. Bxf6 Bxf6 12. Ne4 Nd7 13. Qc2 h6 14. Rfd1 Qe7
15. Rac1 Rac8 16. Nfd2 e5 17. Nb3 Rfd8 18. Nbc5 Nxc5 19. dxc5 Rc7 20. Rd2 Qf8
21. Rcd1 Be7 22. b4 Kh8 23. Qc3 f6 24. Ng3 Bc8 25. Nf5 Be6 26. Nh4 Kg8 27. Qc2
Bf7 28. Nf5 Rcc8 29. f4 exf4 30. exf4 Be6 31. Nh4 Bf7 32. Re1 Re8 33. Bf5 Bxc5+
34. bxc5 Rxe1+ 35. Kf2 Rce8 36. Bd7 Qe7 37. Nf5 Rf1+ 38. Kg3 Qe1+ 39. Kh3 Rxf4
40. Bxe8 Be6 41. g3 Qf1+ 42. Rg2 Bxf5+ 43. Qxf5 Rxf5 44. Bg6 Rf2 45. Be4 Rxg2
46. Bxg2 Qf5+ 47. g4 Qxc5 0-1

[Event "DEM U12/U12w 2003"]
[Site "Willingen GER"]
[Date "2003.06.11"]
[Round "7"]
[White "Wendling, Hannes"]
[Black "Kazhibadze, Georg"]
[Result "1-0"]
[Termination "normal"]
[Board "7"]
[WhiteElo "1652"]
[BlackElo "1681"]
[PlyCount "165"]
[WhiteFideId "24624284"]
[EventCountry "GER"]
[EventRounds "11"]
[EventType "swiss"]
[EventDate "2003.06.07"]

1. d4 d5 2. c4 e6 3. Nc3 Nf6 4. Bg5 Be7 5. Nf3 O-O 6. cxd5 exd5 7. e3 Nbd7 8.
Bd3 Re8 9. Qc2 Nf8 10. O-O c6 11. h3 Ng6 12. Bxf6 Bxf6 13. b4 a6 14. a4 Be7 15.
Rab1 Bd6 16. Rfc1 Qf6 17. Qd1 Nh4 18. Be2 Nxf3+ 19. Bxf3 Qg5 20. Kh1 Re6 21.
Ne2 Rh6 22. Ng1 Bf5 23. Rb3 Be4 24. b5 axb5 25. axb5 Bxf3 26. Qxf3 Ra2 27. bxc6
bxc6 28. Rxc6 Bf8 29. Rxh6 Qxh6 30. Rb5 Qh4 31. g3 Qh6 32. Rxd5 Ra1 33. Qg2 Qf6
34. h4 Ra2 35. Nh3 Ra1+ 36. Kh2 Ra2 37. Rb5 h6 38. Rb1 Bd6 39. Kg1 Qf5 40. Rf1
Kh8 41. Nf4 Bxf4 42. gxf4 Ra6 43. Kh2 Qh5 44. Qh3 Rg6 45. Rg1 Rxg1 46. Kxg1
Qg6+ 47. Kh2 Qc2 48. Kg3 Qg6+ 49. Qg4 Qb1 50. Kh2 Qc2 51. Qg2 Qf5 52. Qf3 Qf6
53. Kg3 Qg6+ 54. Qg4 Qb1 55. Qc8+ Kh7 56. Qd7 Qg1+ 57. Kf3 Qh1+ 58. Ke2 Qa1 59.
Qxf7 Qb2+ 60. Kf3 Qb1 61. Kg2 Qe4+ 62. Kg3 Qb1 63. Qd5 Qg1+ 64. Qg2 Qb1 65. Kh2
Qd1 66. f5 Qb1 67. h5 Qb8+ 68. Qg3 Qb2 69. Qg6+ Kh8 70. Kg3 Qb8+ 71. Kh3 Qa8
72. f6 Qh1+ 73. Kg3 Qg1+ 74. Kf3 Qd1+ 75. Kg2 gxf6 76. Qxf6+ Kg8 77. Qg6+ Kf8
78. Qxh6+ Ke8 79. Qg6+ Ke7 80. h6 Qa1 81. h7 Qa8+ 82. f3 Qa2+ 83. Kg3 1-0

[Event "DEM U12/U12w 2003"]
[Site "Willingen GER"]
[Date "2003.06.11"]
[Round "7"]
[White "Huschenbeth, Niclas"]
[Black "Nuber, Blasius"]
[Result "0-1"]
[Termination "normal"]
[Board "8"]
[WhiteElo "1808"]
[BlackElo "1560"]
[PlyCount "64"]
[WhiteFideId "24604747"]
[BlackFideId "24620289"]
[EventCountry "GER"]
[EventRounds "11"]
[EventType "swiss"]
[EventDate "2003.06.07"]

1. e4 Nf6 2. e5 Nd5 3. c4 Nb6 4. d4 d6 5. f4 dxe5 6. fxe5 Nc6 7. Be3 Bf5 8. Nc3
e6 9. Be2 Bb4 10. Nf3 O-O 11. O-O Bxc3 12. bxc3 Na5 13. Bg5 Qd7 14. c5 Nd5 15.
Qd2 Qa4 16. Rfc1 Nc4 17. Bxc4 Qxc4 18. Qe1 h6 19. Bd2 b6 20. Qg3 Kh8 21. cxb6
axb6 22. a3 c5 23. Be1 Qb3 24. Nd2 Qb2 25. Nc4 Qb3 26. Nd6 Rxa3 27. dxc5 Rxa1
28. Rxa1 bxc5 29. Qf2 c4 30. Qd4 Bd3 31. Ra7 Qd1 32. Nxf7+ Rxf7 0-1

[Event "DEM U12/U12w 2003"]
[Site "Willingen GER"]
[Date "2003.06.11"]
[Round "7"]
[White "Mazarov, Jürgen"]
[Black "Poetsch, Hagen"]
[Result "1-0"]
[Termination "normal"]
[Board "9"]
[WhiteElo "1684"]
[BlackElo "1611"]
[PlyCount "51"]
[WhiteFideId "24617768"]
[BlackFideId "24615137"]
[EventCountry "GER"]
[EventRounds "11"]
[EventType "swiss"]
[EventDate "2003.06.07"]

1. e4 e6 2. d4 d5 3. e5 c5 4. Qg4 cxd4 5. Nf3 Nc6 6. Bd3 Nb4 7. O-O Nxd3 8.
cxd3 Bd7 9. Nxd4 Ne7 10. a3 Ng6 11. Re1 Qc7 12. Nf3 Rc8 13. Nc3 Bc5 14. d4 Bb6
15. h4 O-O 16. h5 Ne7 17. Bh6 Ng6 18. hxg6 gxh6 19. gxh7+ Kxh7 20. Ng5+ hxg5
21. Qh5+ Kg7 22. Qxg5+ Kh7 23. Re3 Qxc3 24. bxc3 Rxc3 25. Rxc3 Bxd4 26. Rh3#
1-0

[Event "DEM U12/U12w 2003"]
[Site "Willingen GER"]
[Date "2003.06.11"]
[Round "7"]
[White "Weller, Manuel"]
[Black "Geilfuss, Albert"]
[Result "1/2-1/2"]
[Termination "normal"]
[Board "10"]
[WhiteElo "1593"]
[BlackElo "1640"]
[PlyCount "57"]
[WhiteFideId "24635952"]
[EventCountry "GER"]
[EventRounds "11"]
[EventType "swiss"]
[EventDate "2003.06.07"]

1. d4 Nf6 2. Nf3 e6 3. c4 b6 4. Bg5 Bb7 5. e3 h6 6. Bh4 Be7 7. Nc3 d5 8. Be2
O-O 9. O-O Nbd7 10. Rc1 c5 11. cxd5 Nxd5 12. Bxe7 Qxe7 13. Qd2 Rac8 14. Rc2
N7f6 15. Nxd5 Bxd5 16. dxc5 Ne4 17. Qb4 Nxc5 18. b3 Qb7 19. Rd1 Ne4 20. Rdc1
Rxc2 21. Rxc2 Rc8 22. Bc4 Nf6 23. Bxd5 Nxd5 24. Qd2 Qa6 25. a4 Rxc2 26. Qxc2
Qa5 27. g3 Qc3 28. Qxc3 Nxc3 29. Kf1 1/2-1/2

[Event "DEM U12/U12w 2003"]
[Site "Willingen GER"]
[Date "2003.06.11"]
[Round "7"]
[White "Sörös, Martin-Wolfgang"]
[Black "Khramoy, Gennadiy"]
[Result "1/2-1/2"]
[Termination "normal"]
[Board "11"]
[WhiteElo "1619"]
[BlackElo "1517"]
[PlyCount "46"]
[EventCountry "GER"]
[EventRounds "11"]
[EventType "swiss"]
[EventDate "2003.06.07"]

1. f4 e6 2. e4 d5 3. e5 c5 4. b4 cxb4 5. d4 Nc6 6. Nf3 Qb6 7. Be3 Bd7 8. Bd3
Be7 9. O-O f5 10. c3 bxc3 11. Nxc3 Nh6 12. h3 O-O 13. Kh1 a6 14. Rg1 Be8 15. g4
Kh8 16. g5 Kg8 17. Ne2 Bh5 18. Rf1 a5 19. Rb1 Qc7 20. Ng3 Bf7 21. h4 Nb4 22. a3
Nc6 23. Qb3 Rfb8 1/2-1/2

[Event "DEM U12/U12w 2003"]
[Site "Willingen GER"]
[Date "2003.06.11"]
[Round "7"]
[White "Rafiee, Makan"]
[Black "Gölz, Daniel"]
[Result "0-1"]
[Termination "normal"]
[Board "14"]
[WhiteElo "1579"]
[BlackElo "1682"]
[PlyCount "93"]
[WhiteFideId "24609340"]
[BlackFideId "24626325"]
[EventCountry "GER"]
[EventRounds "11"]
[EventType "swiss"]
[EventDate "2003.06.07"]

1. e4 c5 2. Nf3 a6 3. c3 d5 4. exd5 Qxd5 5. d4 cxd4 6. Qxd4 Qxd4 7. Nxd4 e5 8.
Nf3 Bd6 9. Bc4 Ne7 10. O-O O-O 11. Bg5 Nbc6 12. Re1 Ng6 13. h4 Re8 14. h5 Nf8
15. Nbd2 Be6 16. Ne4 Bc7 17. Bxe6 Nxe6 18. h6 f5 19. Ng3 Nxg5 20. Nxg5 gxh6 21.
Nf3 e4 22. Nxf5 exf3 23. Nxh6+ Kg7 24. Nf5+ Kf6 25. Ne3 Be5 26. gxf3 h5 27.
Nd5+ Kf7 28. Kh1 Bd6 29. Rf1 Re5 30. Nb6 Rg8 31. Rad1 Bb8 32. Rd7+ Ke6 33. Rxb7
Reg5 34. Rh7 Bf4 35. Nc4 Ne5 36. Re1 Kf6 37. Nd6 Kg6 38. Re7 Kh6 39. c4 R8g6
40. c5 h4 41. a4 h3 42. Ne4 Rg2 43. Ng3 Nxf3 44. Rh7+ Kxh7 45. Re7+ Kh6 46.
Rh7+ Kxh7 47. c6 0-1

[Event "DEM U12/U12w 2003"]
[Site "Willingen GER"]
[Date "2003.06.11"]
[Round "7"]
[White "Miclea, Sebastian"]
[Black "Fink, Leander"]
[Result "0-1"]
[Termination "normal"]
[Board "15"]
[WhiteElo "1532"]
[BlackElo "1657"]
[PlyCount "84"]
[BlackFideId "24605247"]
[EventCountry "GER"]
[EventRounds "11"]
[EventType "swiss"]
[EventDate "2003.06.07"]

1. d4 Nf6 2. c4 d6 3. Nc3 Nbd7 4. e4 e5 5. d5 Nc5 6. f3 a5 7. Be3 g6 8. Nge2
Bg7 9. Qd2 h5 10. Nc1 O-O 11. Nb3 b6 12. Nxc5 bxc5 13. Bh6 Bd7 14. h3 Qe7 15.
g4 Nh7 16. Bxg7 Kxg7 17. O-O-O h4 18. Bd3 Ng5 19. Qf2 Rh8 20. Bc2 Qf6 21. Rhf1
Qf4+ 22. Qd2 Qxd2+ 23. Kxd2 Rab8 24. Ba4 Bxa4 25. Nxa4 f5 26. gxf5 gxf5 27.
exf5 Rbf8 28. f4 Ne4+ 29. Kd3 Ng3 30. Rg1 exf4 31. Nc3 Rxf5 32. Ne2 Re8 33.
Nxg3 fxg3 34. Rge1 Rf3+ 35. Kd2 Rxe1 36. Rxe1 Rf2+ 37. Kc3 g2 38. Rg1 Kf6 39.
a3 Kf5 40. b3 Kf4 41. Kd3 Kg3 42. Ke3 Rf1 0-1

[Event "DEM U12/U12w 2003"]
[Site "Willingen GER"]
[Date "2003.06.11"]
[Round "7"]
[White "Smolkina, Milana"]
[Black "Zahn, Benno"]
[Result "1/2-1/2"]
[Termination "normal"]
[Board "16"]
[WhiteElo "1623"]
[BlackElo "1529"]
[PlyCount "77"]
[WhiteFideId "24618780"]
[BlackFideId "24636070"]
[EventCountry "GER"]
[EventRounds "11"]
[EventType "swiss"]
[EventDate "2003.06.07"]

1. d4 d5 2. Nf3 e6 3. e3 Nf6 4. c4 c6 5. Nc3 Nbd7 6. Bd3 Be7 7. O-O b6 8. Qa4
Bb7 9. Bd2 O-O 10. Rac1 Qc7 11. Qb3 Rac8 12. cxd5 exd5 13. Bb1 Qb8 14. Qc2 c5
15. h3 cxd4 16. Nxd4 Bc5 17. Nf3 Bd6 18. Qd3 Rfe8 19. Rfd1 Ne5 20. Nxe5 Bxe5
21. a3 Ba8 22. Ba2 Qb7 23. Qf1 Bb8 24. Be1 Qc7 25. g3 Qd7 26. Kh2 Qe6 27. Qd3
Rcd8 28. Qf1 Qe5 29. Rd2 Ne4 30. Nxe4 Qxe4 31. Rcd1 Rd7 32. Rd4 Qf3 33. Qg2
Qxg2+ 34. Kxg2 Be5 35. R4d2 Red8 36. f3 g6 37. Bf2 Bb7 38. Bb3 Bg7 39. Ba4
1/2-1/2

[Event "DEM U12/U12w 2003"]
[Site "Willingen GER"]
[Date "2003.06.11"]
[Round "7"]
[White "Hirneise, Jens"]
[Black "Strunski, Andreas"]
[Result "1/2-1/2"]
[Termination "normal"]
[Board "17"]
[WhiteElo "1495"]
[BlackElo "1619"]
[PlyCount "106"]
[WhiteFideId "24614734"]
[BlackFideId "24606073"]
[EventCountry "GER"]
[EventRounds "11"]
[EventType "swiss"]
[EventDate "2003.06.07"]

1. d4 d5 2. Nf3 Nc6 3. c4 Bg4 4. e3 e5 5. Be2 exd4 6. Nxd4 Nxd4 7. Bxg4 Bb4+ 8.
Bd2 Bxd2+ 9. Qxd2 Nc6 10. cxd5 Ne5 11. Be2 Nf6 12. Nc3 O-O 13. O-O-O Re8 14. h3
Ned7 15. g4 Nc5 16. f3 Qd6 17. g5 Nfd7 18. h4 c6 19. dxc6 Qxd2+ 20. Rxd2 bxc6
21. e4 Nb6 22. h5 Ne6 23. Rg1 Nf4 24. h6 Nxe2+ 25. Rxe2 Nd7 26. f4 Nc5 27. Kc2
Ne6 28. Rf2 Rad8 29. hxg7 Nd4+ 30. Kc1 Kxg7 31. Rd2 Nb5 32. Rxd8 Rxd8 33. Nxb5
cxb5 34. Rd1 Rc8+ 35. Kb1 Rc4 36. Re1 Kg6 37. b3 Rc3 38. e5 Rf3 39. e6 fxe6 40.
Rxe6+ Kf5 41. Rf6+ Kg4 42. g6 hxg6 43. Rxg6+ Kxf4 44. Ra6 Ke4 45. Rxa7 Kd5 46.
Rc7 Rf2 47. Rc2 Rf3 48. b4 Kd4 49. Rc5 Rf1+ 50. Kc2 Rf2+ 51. Kd1 Rxa2 52. Rxb5
Kc4 53. Rb8 Rb2 1/2-1/2

[Event "DEM U12/U12w 2003"]
[Site "Willingen GER"]
[Date "2003.06.11"]
[Round "7"]
[White "Medlin, Paul"]
[Black "Rath, Oliver"]
[Result "0-1"]
[Termination "normal"]
[Board "18"]
[WhiteElo "1611"]
[BlackElo "1513"]
[PlyCount "78"]
[BlackFideId "24610380"]
[EventCountry "GER"]
[EventRounds "11"]
[EventType "swiss"]
[EventDate "2003.06.07"]

1. e4 c5 2. Nf3 d6 3. d4 cxd4 4. Nxd4 Nf6 5. Nc3 Bd7 6. Be3 e6 7. f3 Be7 8. Qd2
a6 9. Be2 Nc6 10. O-O O-O 11. Rfd1 Qc7 12. Nb3 Rfd8 13. Na4 Re8 14. Nb6 Rab8
15. c3 Red8 16. Nc4 b5 17. Na3 Be8 18. Nc2 d5 19. exd5 Nxd5 20. Ncd4 Nxe3 21.
Qxe3 Nxd4 22. cxd4 Bf6 23. Rac1 Qb6 24. Kf2 Rd5 25. Rd3 Rbd8 26. Rcd1 Bg5 27.
f4 Bf6 28. Bf3 R5d6 29. g3 Bc6 30. Be2 Be4 31. Kf1 Bxd3 32. Rxd3 Bxd4 33. Qd2
Bg1 34. Kg2 Qf2+ 35. Kh3 Qxh2+ 36. Kg4 h5+ 37. Kf3 Qf2+ 38. Ke4 f5+ 39. Ke5
Qc5+ 0-1

[Event "DEM U12/U12w 2003"]
[Site "Willingen GER"]
[Date "2003.06.11"]
[Round "7"]
[White "Wortmann, Jonas"]
[Black "Hannes, Diana"]
[Result "1/2-1/2"]
[Termination "normal"]
[Board "19"]
[WhiteElo "1608"]
[BlackElo "1145"]
[PlyCount "119"]
[WhiteFideId "24628069"]
[BlackFideId "24611344"]
[EventCountry "GER"]
[EventRounds "11"]
[EventType "swiss"]
[EventDate "2003.06.07"]

1. e4 c5 2. Nf3 Nc6 3. d4 cxd4 4. Nxd4 g6 5. Nc3 Bg7 6. Be3 Nf6 7. f3 O-O 8.
Qd2 d5 9. Nxc6 bxc6 10. O-O-O Be6 11. Qe1 Qc7 12. h4 Rfb8 13. exd5 Nxd5 14. Bd4
Qf4+ 15. Qd2 Qxd4 16. Qxd4 Bxd4 17. Rxd4 Nxc3 18. bxc3 Bxa2 19. Kd2 Rd8 20. Bd3
c5 21. Rxd8+ Rxd8 22. Ke2 Rb8 23. Ra1 Rb2 24. c4 Bxc4 25. Bxc4 Rxc2+ 26. Kd3
Rxg2 27. Rxa7 Rg3 28. Ke3 Kf8 29. Ra8+ Kg7 30. Re8 Kf6 31. Rf8 e6 32. Kf4 Rh3
33. Kg4 Rh1 34. Rc8 h5+ 35. Kg3 Rg1+ 36. Kh2 Rc1 37. Rxc5 Rc3 38. Kg3 Ke7 39.
Rc8 Ra3 40. Rc7+ Kf6 41. Bb5 Ra8 42. Bc6 Rd8 43. Be4 Rb8 44. Ra7 Rc8 45. Ra8
Rc7 46. Kf4 Rc3 47. Bb7 Rd3 48. Bc6 Rd4+ 49. Kg3 Kg7 50. Ra7 Kf8 51. Rd7 Rc4
52. Bb5 Rb4 53. Ba6 Rb6 54. Bd3 Rb4 55. Rc7 Rd4 56. Be4 Rb4 57. Rc5 Ra4 58.
Rc8+ Kg7 59. Rc7 Rb4 60. Bc6 1/2-1/2

[Event "DEM U12/U12w 2003"]
[Site "Willingen GER"]
[Date "2003.06.11"]
[Round "7"]
[White "Remy, Janina"]
[Black "Linsenmeyer, Mario"]
[Result "0-1"]
[Termination "normal"]
[Board "20"]
[WhiteElo "1672"]
[BlackElo "1500"]
[PlyCount "118"]
[WhiteFideId "24627348"]
[BlackFideId "24635138"]
[EventCountry "GER"]
[EventRounds "11"]
[EventType "swiss"]
[EventDate "2003.06.07"]

1. c4 g6 2. Nc3 Bg7 3. g3 d6 4. Bg2 Nc6 5. d3 e5 6. e3 Nf6 7. Nge2 O-O 8. O-O
Re8 9. Rb1 a5 10. a3 Bf5 11. b4 axb4 12. axb4 e4 13. Nxe4 Nxe4 14. Bxe4 Bxe4
15. dxe4 Rxe4 16. Qd3 Re8 17. f4 Ra4 18. Bd2 Qe7 19. b5 Nd8 20. Rb3 Ne6 21. Qd5
Nc5 22. Rbb1 Qe6 23. Qxe6 Rxe6 24. Rfc1 Ra2 25. Nd4 Bxd4 26. exd4 Nd3 27. Rd1
Re2 28. Be1 Nxe1 29. Rxe1 Rg2+ 30. Kh1 Rxh2+ 31. Kg1 Rag2+ 32. Kf1 Rxg3 33.
Re8+ Kg7 34. Rbe1 Rh1+ 35. Kf2 Rxe1 36. Rxe1 Rc3 37. Re8 Rxc4 38. Ke3 Rb4 39.
Rc8 Rxb5 40. Rxc7 h5 41. Ke4 Kf6 42. Rc8 h4 43. Rh8 Rh5 44. Rd8 h3 45. Rxd6+
Kg7 46. Rb6 h2 47. Rb1 h1=Q+ 48. Rxh1 Rxh1 49. Kd5 b5 50. Kc6 b4 51. d5 Rd1 52.
d6 b3 53. d7 b2 54. Kc7 b1=Q 55. d8=Q Qc2+ 56. Kb7 Rxd8 57. Ka6 Rb8 58. Ka7
Qc7+ 59. Ka6 Qb6# 0-1